Score 0/16 Timer 02:00
0 Plays Today
Clue 5-Letter Word % Correct
Al-Qaeda founder Osama bin ___LADEN
93.8%
French Impressionist artist ClaudeMONET
82.2%
Greek god of the underworldHADES
80.4%
Actor Smith of 'The Pursuit of Happyness' whose father was nominated in the filmJADEN
77.4%
Green gemstonesJADES
76.7%
FOX TV show starring Emily Deschanel and David BoreanazBONES
70.2%
Actress Lisa of 'The Cosby Show'BONET
70.2%
French Realist painter ÉdouardMANET
62.1%
Clue 5-Letter Word % Correct
Best Actor Oscar winner Cagney for 'Yankee Doodle Dandy'JAMES
57.5%
One who puts heavy boxes onto a shipLADER
52.9%
Oscar-winning director Campion and actress WymanJANES
47.5%
Best Actress Oscar winner Gaynor for 'Seventh Heaven'JANET
45.5%
Best Actress Oscar winner Jennifer for 'The Song of Bernadette'JONES
42.6%
Claude Debussy orchestral piece about the sea (2 words)LA MER
39.5%
Breaks feet, as Oscar winner Kathy Bates does in 'Misery'LAMES
37%
Best Actress Oscar winner Helen for 'The Sin of Madelon Claudet'HAYES
28.1%

Today's Daily Dose

Missing Word
Train Books

Word Ladder
Piano Man

Quick Pick
Google Products

Get the Picture
Moana or Coco

Remove Ads.
Support Sporcle.
Get the best of Sporcle when you Go Orange. This ad-free experience offers more features, more stats, and more fun while also helping to support Sporcle. Thank you for becoming a member.

You're not logged in!

Compare scores with friends on all Sporcle quizzes.
OR
Log In

Show Comments

Extras

Top Quizzes Today


Score Distribution

Your Account Isn't Verified!

In order to create a playlist on Sporcle, you need to verify the email address you used during registration. Go to your Sporcle Settings to finish the process.

Report this User

Report this user for behavior that violates our Community Guidelines.

Details: